[Event "Greek Team Championship"]
[Site "chess24.com"]
[Date "2017.07.04"]
[Round "2"]
[White "Kokkalis, Vasilios"]
[Black "Milonakis, Georgios"]
[Result "1/2-1/2"]
[Board "3"]
[WhiteElo "2129"]
[WhiteCountry "GRE"]
[WhiteFideId "4205901"]
[WhiteEloChange "2"]
[BlackElo "2196"]
[BlackCountry "GRE"]
[BlackFideId "4206320"]
[BlackEloChange "-2"]

1. d4 {[%clk 1:30:52]} d5 {[%clk 1:30:19]} 2. c4 {[%clk 1:31:15]} e6 {[%clk
1:30:42]} 3. Nc3 {[%clk 1:31:41]} Nf6 {[%clk 1:30:57]} 4. cxd5 {[%clk 1:31:31]}
exd5 {[%clk 1:31:16]} 5. Bg5 {[%clk 1:31:58]} Be7 {[%clk 1:31:09]} 6. e3 {[%clk
1:32:11]} c6 {[%clk 1:31:27]} 7. Bd3 {[%clk 1:32:31]} O-O {[%clk 1:29:58]} 8. Qc2
{[%clk 1:32:14]} Nbd7 {[%clk 1:29:44]} 9. Nf3 {[%clk 1:32:28]} Re8 {[%clk
1:27:54]} 10. O-O {[%clk 1:28:22]} h6 {[%clk 1:26:35]} 11. Bh4 {[%clk 1:27:48]}
Ne4 {[%clk 1:25:49]} 12. Bxe7 {[%clk 1:28:07]} Qxe7 {[%clk 1:26:04]} 13. b4
{[%clk 1:28:18]} Ndf6 {[%clk 1:22:21]} 14. b5 {[%clk 1:25:13]} c5 {[%clk
1:09:10]} 15. dxc5 {[%clk 1:25:42]} Nxc5 {[%clk 1:09:17]} 16. Rfd1 {[%clk
1:24:05]} Bg4 {[%clk 1:03:31]} 17. Be2 {[%clk 1:23:13]} Red8 {[%clk 1:01:33]} 18.
Nd4 {[%clk 1:22:22]} Rac8 {[%clk 0:56:19]} 19. Rac1 {[%clk 1:11:43]} Nce4 {[%clk
0:48:38]} 20. Qb3 {[%clk 1:03:38]} Qe5 {[%clk 0:42:06]} 21. Nxe4 {[%clk 0:53:07]}
dxe4 {[%clk 0:39:25]} 22. Rxc8 {[%clk 0:49:11]} Rxc8 {[%clk 0:37:45]} 23. h3
{[%clk 0:49:15]} Bxe2 {[%clk 0:35:05]} 24. Nxe2 {[%clk 0:49:42]} Rc7 {[%clk
0:23:23]} 25. b6 {[%clk 0:34:54]} axb6 {[%clk 0:22:42]} 26. Qxb6 {[%clk 0:34:30]}
Qc5 {[%clk 0:15:28]} 27. Qxc5 {[%clk 0:28:58]} Rxc5 {[%clk 0:15:51]} 28. Rb1
{[%clk 0:29:02]} Rc2 {[%clk 0:15:05]} 29. Ng3 {[%clk 0:29:11]} Rxa2 {[%clk
0:11:04]} 30. Rxb7 {[%clk 0:29:11]} Ra1+ {[%clk 0:09:02]} 31. Kh2 {[%clk
0:29:16]} Ra2 {[%clk 0:09:26]} 32. Kg1 {[%clk 0:29:23]} Ra4 {[%clk 0:09:47]} 33.
Re7 {[%clk 0:24:49]} g6 {[%clk 0:10:01]} 34. f3 {[%clk 0:20:56]} Ra1+ {[%clk
0:09:06]} 35. Kf2 {[%clk 0:20:54]} Ra2+ {[%clk 0:09:32]} 36. Kg1 {[%clk 0:15:56]}
exf3 {[%clk 0:09:47]} 37. gxf3 {[%clk 0:16:22]} h5 {[%clk 0:07:37]} 38. h4 {[%clk
0:09:07]} Kf8 {[%clk 0:05:39]} 39. Re5 {[%clk 0:08:40]} Nd7 {[%clk 0:05:51]} 40.
Rd5 {[%clk 0:36:44]} Ke7 {[%clk 0:35:43]} 41. Ne4 {[%clk 0:33:17]} Re2 {[%clk
0:34:17]} 42. Ra5 {[%clk 0:19:32]} Rxe3 {[%clk 0:32:46]} 43. Kf2 {[%clk 0:19:57]}
Rb3 {[%clk 0:29:07]} 44. Ra7 {[%clk 0:19:07]} Rb5 {[%clk 0:29:25]} 45. Kg3 {[%clk
0:17:59]} f6 {[%clk 0:29:11]} 46. Nxf6 {[%clk 0:17:19]} Kxf6 {[%clk 0:29:24]} 47.
Rxd7 {[%clk 0:17:44]} Rb6 {[%clk 0:29:26]} 1/2-1/2

[Event "Greek Team Championship"]
[Site "chess24.com"]
[Date "2017.07.04"]
[Round "2"]
[White "Gkogkas, Dimitrios"]
[Black "Deligiannis, Paraskevas"]
[Result "1/2-1/2"]
[Board "4"]
[WhiteElo "2094"]
[WhiteCountry "GRE"]
[WhiteFideId "4200462"]
[WhiteEloChange "-2"]
[BlackElo "2028"]
[BlackCountry "GRE"]
[BlackFideId "4240197"]
[BlackEloChange "2"]

1. d4 {[%clk 1:28:16]} f5 {[%clk 1:30:42]} 2. e4 {[%clk 1:28:35]} fxe4 {[%clk
1:30:56]} 3. Nc3 {[%clk 1:29:03]} Nf6 {[%clk 1:27:46]} 4. Bg5 {[%clk 1:28:19]} d5
{[%clk 1:20:12]} 5. Bxf6 {[%clk 1:26:25]} exf6 {[%clk 1:20:36]} 6. Qh5+ {[%clk
1:26:46]} g6 {[%clk 1:20:51]} 7. Qxd5 {[%clk 1:27:07]} Be7 {[%clk 1:11:04]} 8.
Qxd8+ {[%clk 1:19:19]} Bxd8 {[%clk 1:11:29]} 9. Nxe4 {[%clk 1:19:43]} f5 {[%clk
1:09:17]} 10. Nc3 {[%clk 1:11:30]} Be6 {[%clk 1:05:39]} 11. Nf3 {[%clk 1:09:02]}
Nd7 {[%clk 1:03:29]} 12. g3 {[%clk 1:03:00]} O-O {[%clk 0:59:34]} 13. Bg2 {[%clk
1:01:07]} c6 {[%clk 0:55:17]} 14. O-O {[%clk 1:00:49]} Ba5 {[%clk 0:49:27]} 15.
d5 {[%clk 0:53:45]} Bxd5 {[%clk 0:45:25]} 16. Nxd5 {[%clk 0:53:13]} cxd5 {[%clk
0:45:54]} 17. Rad1 {[%clk 0:44:49]} Nf6 {[%clk 0:45:54]} 18. c3 {[%clk 0:43:47]}
Rad8 {[%clk 0:43:03]} 19. Nd4 {[%clk 0:39:06]} Rfe8 {[%clk 0:42:51]} 20. Rfe1
{[%clk 0:37:25]} Ne4 {[%clk 0:39:11]} 21. Kf1 {[%clk 0:36:04]} Bb6 {[%clk
0:33:12]} 22. Rd3 {[%clk 0:34:52]} Kf7 {[%clk 0:31:15]} 23. Bf3 {[%clk 0:30:31]}
Re7 {[%clk 0:25:35]} 24. Bd1 {[%clk 0:28:28]} Rde8 {[%clk 0:22:04]} 25. Kg2
{[%clk 0:25:26]} Nc5 {[%clk 0:21:01]} 26. Rxe7+ {[%clk 0:25:35]} Rxe7 {[%clk
0:21:25]} 27. Rd2 {[%clk 0:25:51]} Ne4 {[%clk 0:19:37]} 28. Rd3 {[%clk 0:24:17]}
Nc5 {[%clk 0:18:52]} 29. Rd2 {[%clk 0:24:23]} Ne4 {[%clk 0:19:16]} 30. Rd3 {[%clk
0:21:46]} 1/2-1/2

[Event "Greek Team Championship"]
[Site "chess24.com"]
[Date "2017.07.04"]
[Round "2"]
[White "Toumbeli, Zoi"]
[Black "Skaraki, Antigoni"]
[Result "0-1"]
[Board "5"]
[WhiteElo "1863"]
[WhiteCountry "GRE"]
[WhiteFideId "4208803"]
[WhiteEloChange "-8"]
[BlackElo "1947"]
[BlackCountry "GRE"]
[BlackFideId "4222970"]
[BlackEloChange "8"]

1. d4 {[%clk 1:30:49]} Nf6 {[%clk 1:30:53]} 2. Nf3 {[%clk 1:31:05]} g6 {[%clk
1:31:05]} 3. Bg5 {[%clk 1:30:35]} Bg7 {[%clk 1:31:10]} 4. c3 {[%clk 1:30:22]} d6
{[%clk 1:24:12]} 5. Nbd2 {[%clk 1:29:14]} O-O {[%clk 1:16:55]} 6. e3 {[%clk
1:24:17]} b6 {[%clk 1:06:32]} 7. Be2 {[%clk 1:23:04]} Bb7 {[%clk 1:06:40]} 8. O-O
{[%clk 1:23:07]} c5 {[%clk 1:04:42]} 9. b4 {[%clk 1:03:09]} Nd5 {[%clk 0:55:07]}
10. Qb3 {[%clk 0:58:20]} h6 {[%clk 0:51:27]} 11. Bh4 {[%clk 0:58:15]} Nd7 {[%clk
0:43:40]} 12. a4 {[%clk 0:49:34]} cxb4 {[%clk 0:37:33]} 13. cxb4 {[%clk 0:48:27]}
N7f6 {[%clk 0:37:35]} 14. Rac1 {[%clk 0:38:18]} Rc8 {[%clk 0:34:30]} 15. Bc4
{[%clk 0:23:38]} Qd7 {[%clk 0:25:50]} 16. e4 {[%clk 0:04:01]} Nf4 {[%clk
0:19:12]} 17. Bg3 {[%clk 0:03:34]} N6h5 {[%clk 0:15:23]} 18. Qe3 {[%clk 0:02:17]}
g5 {[%clk 0:13:00]} 19. e5 {[%clk 0:01:48]} d5 {[%clk 0:07:44]} 20. Bb5 {[%clk
0:01:47]} Qf5 {[%clk 0:06:58]} 21. Bxf4 {[%clk 0:01:21]} Nxf4 {[%clk 0:05:35]}
22. g3 {[%clk 0:01:47]} Qg4 {[%clk 0:02:37]} 23. Ne1 {[%clk 0:00:54]} Rxc1 {[%clk
0:02:18]} 24. f3 {[%clk 0:01:03]} Nh3+ {[%clk 0:02:17]} 25. Kg2 {[%clk 0:01:18]}
Qc8 {[%clk 0:02:04]} 0-1

[Event "Greek Team Championship"]
[Site "chess24.com"]
[Date "2017.07.04"]
[Round "2"]
[White "Moshovakis, Aggelos"]
[Black "Kollias, Ioannis K."]
[Result "1-0"]
[Board "8"]
[WhiteElo "2092"]
[WhiteCountry "GRE"]
[WhiteFideId "4297350"]
[WhiteEloChange "2"]
[BlackElo "1599"]
[BlackCountry "GRE"]
[BlackFideId "4297105"]
[BlackEloChange "-2"]

1. e4 {[%clk 1:30:58]} e5 {[%clk 1:30:55]} 2. Nf3 {[%clk 1:31:25]} Nc6 {[%clk
1:31:21]} 3. Bc4 {[%clk 1:31:13]} Nf6 {[%clk 1:31:38]} 4. d3 {[%clk 1:31:38]} Be7
{[%clk 1:31:04]} 5. O-O {[%clk 1:32:01]} O-O {[%clk 1:31:30]} 6. c3 {[%clk
1:32:20]} d6 {[%clk 1:30:09]} 7. Bb3 {[%clk 1:32:43]} a6 {[%clk 1:27:06]} 8. Re1
{[%clk 1:33:01]} Bg4 {[%clk 1:26:39]} 9. h3 {[%clk 1:33:11]} Bh5 {[%clk 1:26:26]}
10. Nbd2 {[%clk 1:33:27]} d5 {[%clk 1:23:06]} 11. Qe2 {[%clk 1:32:50]} dxe4
{[%clk 1:19:57]} 12. dxe4 {[%clk 1:33:12]} Bg6 {[%clk 1:09:22]} 13. Bc2 {[%clk
1:32:16]} Bc5 {[%clk 1:04:41]} 14. Nf1 {[%clk 1:32:13]} Nh5 {[%clk 1:04:13]} 15.
Bg5 {[%clk 1:30:25]} Qe8 {[%clk 1:02:27]} 16. b4 {[%clk 1:28:40]} Ba7 {[%clk
1:02:07]} 17. g4 {[%clk 1:17:00]} f6 {[%clk 0:48:21]} 18. Bc1 {[%clk 1:07:52]}
Nf4 {[%clk 0:45:29]} 19. Bxf4 {[%clk 1:07:49]} exf4 {[%clk 0:45:51]} 20. Qd2
{[%clk 1:08:09]} Ne5 {[%clk 0:45:14]} 21. Qxf4 {[%clk 1:07:42]} Qc6 {[%clk
0:44:50]} 22. Rac1 {[%clk 1:07:04]} Kh8 {[%clk 0:44:05]} 23. Bb1 {[%clk 1:07:00]}
Qb5 {[%clk 0:34:02]} 24. Nd4 {[%clk 1:04:48]} Bxd4 {[%clk 0:29:43]} 25. cxd4
{[%clk 1:05:10]} Nd3 {[%clk 0:29:26]} 26. Bxd3 {[%clk 1:05:37]} Qxd3 {[%clk
0:29:47]} 27. Qe3 {[%clk 1:05:41]} Qb5 {[%clk 0:28:41]} 28. Rxc7 {[%clk 1:00:59]}
Qxb4 {[%clk 0:29:03]} 29. Qc3 {[%clk 1:00:40]} Qa4 {[%clk 0:26:39]} 30. a3 {[%clk
0:59:27]} Rad8 {[%clk 0:24:39]} 31. Rc4 {[%clk 0:59:29]} Qb5 {[%clk 0:24:36]} 32.
f3 {[%clk 0:59:05]} Rfe8 {[%clk 0:24:16]} 33. d5 {[%clk 0:57:36]} Bf7 {[%clk
0:24:02]} 34. Rc1 {[%clk 0:57:35]} Qb6+ {[%clk 0:23:13]} 35. Qd4 {[%clk 0:53:13]}
Qa5 {[%clk 0:21:28]} 36. a4 {[%clk 0:51:05]} Kg8 {[%clk 0:19:59]} 37. Rb1 {[%clk
0:49:19]} b5 {[%clk 0:16:44]} 38. axb5 {[%clk 0:49:41]} axb5 {[%clk 0:16:14]} 39.
Rc5 {[%clk 0:47:58]} Rb8 {[%clk 0:14:53]} 40. Qb4 {[%clk 1:17:39]} Qa7 {[%clk
0:43:43]} 41. Kg2 {[%clk 1:15:53]} Rec8 {[%clk 0:38:37]} 42. Rbc1 {[%clk
1:10:00]} Qa2+ {[%clk 0:37:54]} 43. Qd2 {[%clk 1:10:01]} Rxc5 {[%clk 0:35:13]}
44. Rxc5 {[%clk 1:10:17]} Qxd2+ {[%clk 0:35:10]} 45. Nxd2 {[%clk 1:10:46]} b4
{[%clk 0:35:23]} 46. Rc2 {[%clk 1:10:33]} Be8 {[%clk 0:34:39]} 47. Rb2 {[%clk
1:10:17]} Ba4 {[%clk 0:34:58]} 48. Nb3 {[%clk 1:08:22]} Rc8 {[%clk 0:34:15]} 49.
Kf2 {[%clk 1:08:18]} Rc3 {[%clk 0:33:44]} 50. Nd4 {[%clk 1:08:38]} b3 {[%clk
0:31:48]} 51. Ke2 {[%clk 1:08:31]} Kf7 {[%clk 0:30:16]} 52. Kd2 {[%clk 1:08:47]}
1-0

[Event "Greek Team Championship"]
[Site "chess24.com"]
[Date "2017.07.04"]
[Round "2"]
[White "Kollias, Dimitrios"]
[Black "Marinakis, Hristos"]
[Result "1-0"]
[Board "9"]
[WhiteElo "1441"]
[WhiteCountry "GRE"]
[WhiteFideId "4291883"]
[WhiteEloChange "18"]
[BlackElo "1842"]
[BlackCountry "GRE"]
[BlackFideId "4294661"]
[BlackEloChange "-18"]

1. e4 {[%clk 1:30:58]} e5 {[%clk 1:30:55]} 2. Nf3 {[%clk 1:31:28]} Nc6 {[%clk
1:31:16]} 3. d4 {[%clk 1:31:55]} exd4 {[%clk 1:31:41]} 4. Nxd4 {[%clk 1:32:10]}
Nf6 {[%clk 1:32:03]} 5. Nxc6 {[%clk 1:32:39]} bxc6 {[%clk 1:32:24]} 6. e5 {[%clk
1:33:07]} Qe7 {[%clk 1:32:46]} 7. Qe2 {[%clk 1:33:35]} Nd5 {[%clk 1:33:08]} 8. c4
{[%clk 1:34:02]} Nb6 {[%clk 1:33:30]} 9. Nd2 {[%clk 1:33:40]} Qe6 {[%clk
1:32:47]} 10. b3 {[%clk 1:33:35]} a5 {[%clk 1:30:57]} 11. g3 {[%clk 1:31:55]} a4
{[%clk 1:26:18]} 12. Bb2 {[%clk 1:31:53]} Bb4 {[%clk 1:20:57]} 13. Bg2 {[%clk
1:29:03]} O-O {[%clk 1:02:16]} 14. O-O {[%clk 1:26:56]} d5 {[%clk 1:01:19]} 15.
f4 {[%clk 1:19:23]} Qf5 {[%clk 0:49:43]} 16. a3 {[%clk 1:12:27]} Bc5+ {[%clk
0:33:40]} 17. Kh1 {[%clk 1:12:30]} Ba6 {[%clk 0:30:37]} 18. Rac1 {[%clk 1:06:46]}
axb3 {[%clk 0:28:07]} 19. Nxb3 {[%clk 1:05:07]} Na4 {[%clk 0:25:30]} 20. g4
{[%clk 1:04:19]} Qd7 {[%clk 0:23:56]} 21. Nxc5 {[%clk 0:58:36]} Nxc5 {[%clk
0:24:22]} 22. Rfd1 {[%clk 0:55:23]} Qc8 {[%clk 0:22:49]} 23. f5 {[%clk 0:50:45]}
Rb8 {[%clk 0:20:42]} 24. Qf2 {[%clk 0:46:45]} Na4 {[%clk 0:18:44]} 25. Bd4 {[%clk
0:46:23]} Bxc4 {[%clk 0:18:51]} 26. Qh4 {[%clk 0:44:38]} Kh8 {[%clk 0:12:37]} 27.
Re1 {[%clk 0:35:29]} Rb3 {[%clk 0:10:56]} 28. f6 {[%clk 0:32:20]} Qe6 {[%clk
0:10:52]} 29. fxg7+ {[%clk 0:30:50]} Kxg7 {[%clk 0:11:16]} 30. Rxc4 {[%clk
0:28:50]} dxc4 {[%clk 0:10:16]} 31. Be4 {[%clk 0:29:13]} h6 {[%clk 0:08:59]} 32.
Rf1 {[%clk 0:26:26]} Rh8 {[%clk 0:06:25]} 33. g5 {[%clk 0:18:47]} Rh3 {[%clk
0:05:34]} 34. gxh6+ {[%clk 0:19:13]} Rxh6 {[%clk 0:05:27]} 35. Rg1+ {[%clk
0:16:43]} Kf8 {[%clk 0:05:49]} 36. Qd8+ {[%clk 0:16:53]} Qe8 {[%clk 0:06:04]} 37.
Rg8+ {[%clk 0:17:18]} Kxg8 {[%clk 0:06:28]} 38. Qxe8+ {[%clk 0:17:46]} Kg7 {[%clk
0:06:49]} 39. e6+ {[%clk 0:18:04]} f6 {[%clk 0:07:15]} 40. Qf7+ {[%clk 0:48:22]}
Kh8 {[%clk 0:37:38]} 41. Qf8# {[%clk 0:48:50]} 1-0

[Event "Greek Team Championship"]
[Site "chess24.com"]
[Date "2017.07.04"]
[Round "2"]
[White "Sifogiannakis, Andreas"]
[Black "Stefanou, Dimitrios"]
[Result "1/2-1/2"]
[Board "10"]
[WhiteElo "1496"]
[WhiteCountry "GRE"]
[WhiteFideId "25829408"]
[WhiteEloChange "2"]
[BlackElo "1571"]
[BlackCountry "GRE"]
[BlackFideId "25825011"]
[BlackEloChange "-2"]

1. e4 {[%clk 1:30:56]} e5 {[%clk 1:30:42]} 2. Nf3 {[%clk 1:31:21]} Nc6 {[%clk
1:31:07]} 3. Bb5 {[%clk 1:31:42]} a6 {[%clk 1:31:32]} 4. Bxc6 {[%clk 1:32:05]}
dxc6 {[%clk 1:31:57]} 5. O-O {[%clk 1:32:31]} Bg4 {[%clk 1:32:18]} 6. h3 {[%clk
1:32:46]} h5 {[%clk 1:32:28]} 7. d3 {[%clk 1:32:52]} Qf6 {[%clk 1:32:25]} 8. Be3
{[%clk 1:32:43]} Bxf3 {[%clk 1:28:02]} 9. Qxf3 {[%clk 1:32:59]} Qxf3 {[%clk
1:28:10]} 10. gxf3 {[%clk 1:33:27]} Bd6 {[%clk 1:27:32]} 11. Nd2 {[%clk 1:32:05]}
Ne7 {[%clk 1:26:54]} 12. Nc4 {[%clk 1:31:06]} Ng6 {[%clk 1:26:40]} 13. Kg2 {[%clk
1:24:50]} O-O-O {[%clk 1:25:22]} 14. a4 {[%clk 1:21:18]} f5 {[%clk 1:19:19]} 15.
Bg5 {[%clk 1:16:43]} Rdf8 {[%clk 1:19:08]} 16. Rfb1 {[%clk 1:14:01]} h4 {[%clk
1:14:00]} 17. b4 {[%clk 1:10:44]} f4 {[%clk 1:12:14]} 18. b5 {[%clk 1:08:58]} Rh5
{[%clk 1:11:44]} 19. bxa6 {[%clk 1:08:40]} Rxg5+ {[%clk 1:11:47]} 20. Kf1 {[%clk
1:08:49]} bxa6 {[%clk 1:11:50]} 21. Nxd6+ {[%clk 1:07:38]} cxd6 {[%clk 1:12:18]}
22. Rb6 {[%clk 1:07:56]} Ne7 {[%clk 1:11:54]} 23. Rab1 {[%clk 1:07:36]} Kd7
{[%clk 1:07:35]} 24. Rxa6 {[%clk 1:06:28]} Rc8 {[%clk 1:04:09]} 25. Rb7+ {[%clk
1:03:39]} Rc7 {[%clk 1:03:13]} 26. Raa7 {[%clk 1:03:33]} Rxb7 {[%clk 1:03:16]}
27. Rxb7+ {[%clk 1:04:01]} Ke6 {[%clk 0:55:29]} 28. a5 {[%clk 1:00:35]} Rh5
{[%clk 0:55:51]} 29. Rb8 {[%clk 1:00:02]} Kd7 {[%clk 0:55:03]} 30. a6 {[%clk
0:55:45]} Nc8 {[%clk 0:55:12]} 31. a7 {[%clk 0:50:24]} Nxa7 {[%clk 0:55:25]} 32.
Rb7+ {[%clk 0:50:51]} Ke6 {[%clk 0:55:31]} 1/2-1/2

[Event "Greek Team Championship"]
[Site "chess24.com"]
[Date "2017.07.04"]
[Round "2"]
[White "Svetushkin, Dmitry"]
[Black "Balaskas, Nikolaos"]
[Result "1-0"]
[Board "1"]
[WhiteElo "2573"]
[WhiteTitle "GM"]
[WhiteCountry "MDA"]
[WhiteFideId "13900463"]
[WhiteEloChange "1"]
[BlackElo "2160"]
[BlackCountry "GRE"]
[BlackFideId "4201434"]
[BlackEloChange "-2"]

1. d4 {[%clk 1:30:51]} d5 {[%clk 1:30:40]} 2. c4 {[%clk 1:31:15]} e6 {[%clk
1:31:02]} 3. Nc3 {[%clk 1:31:38]} Nf6 {[%clk 1:31:03]} 4. cxd5 {[%clk 1:32:01]}
exd5 {[%clk 1:31:27]} 5. Bg5 {[%clk 1:32:25]} Be7 {[%clk 1:30:52]} 6. e3 {[%clk
1:32:48]} O-O {[%clk 1:29:15]} 7. Bd3 {[%clk 1:32:06]} Nbd7 {[%clk 1:27:06]} 8.
Nge2 {[%clk 1:32:03]} Re8 {[%clk 1:26:43]} 9. Qc2 {[%clk 1:28:56]} Nf8 {[%clk
1:25:39]} 10. O-O {[%clk 1:28:37]} c6 {[%clk 1:26:07]} 11. f3 {[%clk 1:28:50]} g6
{[%clk 1:07:00]} 12. Bh4 {[%clk 1:22:45]} Nh5 {[%clk 1:02:59]} 13. Bxe7 {[%clk
1:21:12]} Qxe7 {[%clk 1:02:05]} 14. e4 {[%clk 1:21:34]} dxe4 {[%clk 0:54:47]} 15.
fxe4 {[%clk 1:21:27]} Be6 {[%clk 0:50:32]} 16. h3 {[%clk 1:10:08]} Rad8 {[%clk
0:46:58]} 17. Rf3 {[%clk 1:09:35]} Nd7 {[%clk 0:24:47]} 18. Raf1 {[%clk 1:09:17]}
Rf8 {[%clk 0:21:16]} 19. Qc1 {[%clk 1:04:58]} f6 {[%clk 0:12:08]} 20. Qh6 {[%clk
1:04:25]} c5 {[%clk 0:07:44]} 21. d5 {[%clk 1:00:17]} Ne5 {[%clk 0:07:32]} 22. g4
{[%clk 0:50:47]} Ng7 {[%clk 0:07:48]} 23. Rg3 {[%clk 0:48:09]} a6 {[%clk
0:05:43]} 24. Bc2 {[%clk 0:33:26]} Bc8 {[%clk 0:05:50]} 25. Qf4 {[%clk 0:33:33]}
b5 {[%clk 0:05:41]} 26. Nd1 {[%clk 0:30:38]} Qd6 {[%clk 0:04:11]} 27. Ne3 {[%clk
0:30:28]} a5 {[%clk 0:02:55]} 28. Rg2 {[%clk 0:28:32]} b4 {[%clk 0:03:15]} 29.
Ng3 {[%clk 0:24:52]} Ba6 {[%clk 0:03:41]} 30. Rd1 {[%clk 0:24:08]} Bb5 {[%clk
0:02:41]} 31. Qf2 {[%clk 0:16:14]} a4 {[%clk 0:02:43]} 32. h4 {[%clk 0:16:17]}
Bd7 {[%clk 0:01:20]} 33. Ne2 {[%clk 0:16:02]} Rc8 {[%clk 0:00:55]} 34. Nf4 {[%clk
0:14:26]} c4 {[%clk 0:01:04]} 35. h5 {[%clk 0:14:12]} g5 {[%clk 0:00:52]} 36. h6
{[%clk 0:11:56]} gxf4 {[%clk 0:00:44]} 37. hxg7 {[%clk 0:12:19]} Kxg7 {[%clk
0:00:44]} 38. Qxf4 {[%clk 0:11:55]} Kh8 {[%clk 0:01:06]} 39. Rf1 {[%clk 0:08:41]}
b3 {[%clk 0:01:06]} 40. axb3 {[%clk 0:37:52]} axb3 {[%clk 0:31:08]} 41. Bd1
{[%clk 0:37:43]} Qe7 {[%clk 0:22:52]} 42. Rd2 {[%clk 0:22:14]} Qd6 {[%clk
0:09:41]} 43. Rh2 {[%clk 0:16:56]} Qe7 {[%clk 0:08:52]} 44. Qh6 {[%clk 0:13:30]}
Qg7 {[%clk 0:08:25]} 45. Qf4 {[%clk 0:12:18]} Qe7 {[%clk 0:08:50]} 46. Rg2 {[%clk
0:10:25]} Nd3 {[%clk 0:07:16]} 47. Qh6 {[%clk 0:07:19]} Ne5 {[%clk 0:03:19]} 48.
Be2 {[%clk 0:07:10]} Ng6 {[%clk 0:01:36]} 49. Nf5 {[%clk 0:05:59]} Bxf5 {[%clk
0:01:31]} 50. gxf5 {[%clk 0:06:26]} Ne5 {[%clk 0:01:50]} 51. d6 {[%clk 0:06:44]}
Qa7+ {[%clk 0:01:47]} 52. Kh1 {[%clk 0:07:11]} Qf7 {[%clk 0:00:34]} 53. Bh5
{[%clk 0:06:39]} Qb7 {[%clk 0:00:37]} 54. Rfg1 {[%clk 0:06:32]} 1-0

[Event "Greek Team Championship"]
[Site "chess24.com"]
[Date "2017.07.04"]
[Round "2"]
[White "Kalogridakis, Georgios"]
[Black "Zimina, Olga"]
[Result "0-1"]
[Board "2"]
[WhiteElo "2116"]
[WhiteCountry "GRE"]
[WhiteFideId "4249666"]
[WhiteEloChange "-3"]
[BlackElo "2390"]
[BlackTitle "IM"]
[BlackCountry "ITA"]
[BlackFideId "4132190"]
[BlackEloChange "3"]

1. e4 {[%clk 1:30:55]} c6 {[%clk 1:31:18]} 2. c4 {[%clk 1:31:10]} d5 {[%clk
1:31:43]} 3. cxd5 {[%clk 1:31:37]} cxd5 {[%clk 1:32:08]} 4. exd5 {[%clk 1:32:04]}
Nf6 {[%clk 1:32:32]} 5. Nc3 {[%clk 1:32:32]} Nxd5 {[%clk 1:32:53]} 6. Nf3 {[%clk
1:33:00]} Nxc3 {[%clk 1:33:16]} 7. bxc3 {[%clk 1:33:25]} g6 {[%clk 1:33:42]} 8.
d4 {[%clk 1:32:41]} Bg7 {[%clk 1:34:07]} 9. Bd3 {[%clk 1:31:06]} O-O {[%clk
1:32:28]} 10. O-O {[%clk 1:30:17]} Nc6 {[%clk 1:32:53]} 11. Re1 {[%clk 1:25:48]}
Bg4 {[%clk 1:33:01]} 12. h3 {[%clk 1:10:09]} Bxf3 {[%clk 1:33:07]} 13. Qxf3
{[%clk 1:10:36]} Qa5 {[%clk 1:25:26]} 14. Bb2 {[%clk 1:07:24]} Rac8 {[%clk
1:24:54]} 15. Be4 {[%clk 0:53:03]} e6 {[%clk 1:23:26]} 16. Red1 {[%clk 0:50:46]}
Rfd8 {[%clk 1:23:14]} 17. Qe2 {[%clk 0:48:02]} Rd7 {[%clk 1:18:12]} 18. Qc4
{[%clk 0:27:20]} Qd8 {[%clk 1:17:15]} 19. Qa4 {[%clk 0:24:25]} Na5 {[%clk
1:16:13]} 20. Ba3 {[%clk 0:19:51]} b6 {[%clk 1:05:00]} 21. Rac1 {[%clk 0:15:06]}
Bh6 {[%clk 0:31:46]} 22. Rc2 {[%clk 0:13:22]} Nc4 {[%clk 0:27:44]} 23. Bc6 {[%clk
0:05:22]} Rxc6 {[%clk 0:26:19]} 24. Qxc6 {[%clk 0:05:16]} Nxa3 {[%clk 0:26:15]}
25. Re2 {[%clk 0:05:19]} Rc7 {[%clk 0:23:10]} 26. Qa4 {[%clk 0:05:41]} Bf8 {[%clk
0:21:03]} 27. d5 {[%clk 0:01:45]} Rd7 {[%clk 0:18:31]} 28. c4 {[%clk 0:01:46]}
exd5 {[%clk 0:17:37]} 29. cxd5 {[%clk 0:02:01]} Rxd5 {[%clk 0:17:20]} 30. Rxd5
{[%clk 0:02:23]} Qxd5 {[%clk 0:17:49]} 31. Re8 {[%clk 0:02:45]} Nb5 {[%clk
0:16:48]} 32. Qb4 {[%clk 0:01:13]} Qd1+ {[%clk 0:17:00]} 33. Kh2 {[%clk 0:01:40]}
Qd6+ {[%clk 0:17:14]} 34. Qxd6 {[%clk 0:02:07]} Nxd6 {[%clk 0:17:39]} 35. Ra8
{[%clk 0:02:31]} a5 {[%clk 0:16:00]} 36. Kg3 {[%clk 0:02:36]} Kg7 {[%clk
0:16:15]} 37. Kf4 {[%clk 0:02:59]} Nb5 {[%clk 0:16:02]} 38. Rd8 {[%clk 0:02:44]}
Bc5 {[%clk 0:15:55]} 39. f3 {[%clk 0:03:05]} Kf6 {[%clk 0:15:57]} 40. Rd2 {[%clk
0:33:09]} Nc3 {[%clk 0:45:43]} 41. Rc2 {[%clk 0:33:17]} Nd5+ {[%clk 0:46:09]} 42.
Ke4 {[%clk 0:33:39]} Ke6 {[%clk 0:46:29]} 43. Rd2 {[%clk 0:33:01]} a4 {[%clk
0:45:52]} 44. Kd3 {[%clk 0:33:15]} a3 {[%clk 0:43:12]} 45. Re2+ {[%clk 0:33:05]}
Kf5 {[%clk 0:43:29]} 0-1

[Event "Greek Team Championship"]
[Site "chess24.com"]
[Date "2017.07.04"]
[Round "2"]
[White "Alexakis, Georgios"]
[Black "Seretakis, Nikolas"]
[Result "1-0"]
[Board "3"]
[WhiteElo "2048"]
[WhiteCountry "GRE"]
[WhiteFideId "4255038"]
[WhiteEloChange "11"]
[BlackElo "2095"]
[BlackCountry "GRE"]
[BlackFideId "4201493"]
[BlackEloChange "-11"]

1. e4 {[%clk 1:30:53]} c5 {[%clk 1:30:52]} 2. Nf3 {[%clk 1:31:08]} d6 {[%clk
1:31:11]} 3. d4 {[%clk 1:31:12]} Nf6 {[%clk 1:31:32]} 4. Bb5+ {[%clk 1:31:04]}
Bd7 {[%clk 1:31:55]} 5. Bxd7+ {[%clk 1:31:14]} Nbxd7 {[%clk 1:32:18]} 6. e5
{[%clk 1:28:43]} Ne4 {[%clk 1:22:37]} 7. exd6 {[%clk 1:12:40]} e6 {[%clk
1:14:09]} 8. Qe2 {[%clk 1:06:01]} Qa5+ {[%clk 1:10:35]} 9. Nbd2 {[%clk 0:59:35]}
Nef6 {[%clk 1:06:31]} 10. O-O {[%clk 0:58:12]} Bxd6 {[%clk 1:06:05]} 11. Nc4
{[%clk 0:57:29]} Qc7 {[%clk 1:05:58]} 12. Nxd6+ {[%clk 0:56:40]} Qxd6 {[%clk
1:06:25]} 13. dxc5 {[%clk 0:54:45]} Qxc5 {[%clk 1:06:27]} 14. c4 {[%clk 0:49:51]}
O-O {[%clk 1:03:34]} 15. b3 {[%clk 0:44:38]} e5 {[%clk 0:57:42]} 16. Ng5 {[%clk
0:24:58]} b6 {[%clk 0:37:43]} 17. Rd1 {[%clk 0:21:31]} a5 {[%clk 0:25:56]} 18.
Bb2 {[%clk 0:18:52]} Rfe8 {[%clk 0:23:26]} 19. Ne4 {[%clk 0:15:31]} Nxe4 {[%clk
0:23:41]} 20. Rxd7 {[%clk 0:12:28]} Nf6 {[%clk 0:23:03]} 21. Rd2 {[%clk 0:11:49]}
a4 {[%clk 0:21:57]} 22. Rad1 {[%clk 0:10:14]} axb3 {[%clk 0:21:22]} 23. axb3
{[%clk 0:10:38]} h6 {[%clk 0:20:09]} 24. h3 {[%clk 0:07:46]} Rac8 {[%clk
0:15:24]} 25. Rd6 {[%clk 0:05:32]} Rc6 {[%clk 0:09:20]} 26. Ba3 {[%clk 0:02:51]}
Qxa3 {[%clk 0:04:17]} 27. Rxc6 {[%clk 0:03:16]} Qxb3 {[%clk 0:04:43]} 28. Rdd6
{[%clk 0:02:45]} Qb1+ {[%clk 0:02:58]} 29. Kh2 {[%clk 0:02:42]} Qf5 {[%clk
0:02:20]} 30. Rxb6 {[%clk 0:01:39]} Ne4 {[%clk 0:01:14]} 31. Rd3 {[%clk 0:01:25]}
Ng5 {[%clk 0:00:43]} 32. Re3 {[%clk 0:01:16]} 1-0